000 00739nam a22002177a 4500
005 20251108172322.0
008 250721s2002 xx 000 0 ara d
082 1 4 _a792.015/سات
100 1 _aساتجيه، آلان
_eتأليف
245 1 0 _aفي إنتظار جودو :
_bدراسة عن أدب صمويل بيكيت /
264 1 _aدمشق :
_bوزارة الثقافة،
_c2002.
300 _a151 ص
490 0 _aسلسلة الدراسات الأدبية
650 1 7 _aالمسرح
650 1 7 _aالفنون الإستعراضية
650 1 7 _aأعمال العروض المسرحية
650 1 7 _aالمعدات المسرحية
700 1 _aخضور، قيس
_eترجمة
942 _2ddc
_cBK
999 _c76053
_d76053